LEADER 01034nam0 22003011i 450 001 RML0309000 005 20231121125750.0 010 $a1853121606 100 $a20121121d1992 ||||0itac50 ba 101 | $aeng 102 $agb 181 1$6z01$ai $bxxxe 182 1$6z01$an 200 1 $aBoundary Elements$ean introductory course$fC. A. Brebbia, J. Dominguez 205 $a2. ed 210 $aSouthampton $cComputational Mechanics Publications $d1992 215 $a314 p.$d24 cm. 676 $a620.001$9$v20 700 1$aBrebbia$b, C. A.$3RMLV186946$03898 701 1$aDominguez$b, J.$3RMLV199125$0342201 801 3$aIT$bIT-01$c20121121 850 $aIT-FR0099 899 $aBiblioteca Area Ingegneristica$bFR0099 912 $aRML0309000 950 0$aBiblioteca Area Ingegneristica$d 54DII 620.001 BRE/2$e 54VM 0000792495 VM barcode:BAIN005005. - Inventario:1118DVM$fA $h20090522$i20121204 977 $a 54 996 $aBoundary Elements$93631641 997 $aUNICAS LEADER 01385nam 2200433 450 001 9910826005703321 005 20211017161641.0 010 $a2-7061-4234-0 035 $a(CKB)4100000008095919 035 $a(MiAaPQ)EBC5829841 035 $a(Au-PeEL)EBL5829841 035 $a(OCoLC)1109821462 035 $a(PPN)260553492 035 $a(EXLCZ)994100000008095919 100 $a20190906d2018 uy 0 101 0 $afre 135 $aurcnu|||||||| 181 $ctxt$2rdacontent 182 $cc$2rdamedia 183 $acr$2rdacarrier 200 02$aL'accompagnement du handicap a? domicile $eenjeux moraux, sociaux et politiques /$fsous la direction de Isabelle Puech et Abdia Touahria-Gaillard 210 1$aFontaines :$cPresses universitaires de Grenoble,$d[2018] 210 4$dİ2018 215 $a1 online resource (210 pages) 225 1 $aHandicap, vieillissement, socie?t 311 $a2-7061-4198-0 410 0$aHandicap, vieillissement, socie?te?. 606 $aPeople with disabilities$xServices for 615 0$aPeople with disabilities$xServices for. 676 $a362.4 702 $aPuech$b Isabelle 702 $aTouahria-Gaillard$b Abdia 801 0$bMiAaPQ 801 1$bMiAaPQ 801 2$bMiAaPQ 906 $aBOOK 912 $a9910826005703321 996 $aL'accompagnement du handicap a? domicile$94048156 997 $aUNINA